| 000 | 00961nam a2200205Ia 4500 | ||
|---|---|---|---|
| 005 | 20240530110943.0 | ||
| 008 | 140319s2020 sy bhk b 000 0 ara d | ||
| 022 | _a9789933647049 | ||
| 040 |
_aGCL / _cGCL |
||
| 082 | 0 | 4 |
_a704.9481 _bو إ |
| 100 | 0 | _aوفاء محمود عبدالحليم | |
| 245 | 1 | 0 |
_aاشعاعات الحضارة الاسلامية فى الهند : _bالعمارة الفنون الاسلامية فى الكجرات فترة حكم سلاطين المظفر شاهين / _cوفاء محمود عبدالحليم |
| 260 |
_aدمشق : _bنور حوران للدراسات والنشر والتراث، _c2020. |
||
| 300 |
_a310 ص. : _bايض ؛ _c24 سم. |
||
| 504 | _aيشتمل على ارجاعات ببليوجرافية | ||
| 650 | 0 | 7 |
_2qrmak _aالعمارة الاسلامية _zالهند |
| 650 | 0 | 7 |
_2qrmak _aالفنون الاسلامية _zالهند |
| 942 |
_2ddc _cBK |
||
| 999 |
_c66847 _d66847 |
||